| 000 | 00852nam a22002657a 4500 | ||
|---|---|---|---|
| 001 | 000690 | ||
| 003 | DO-SdBNP | ||
| 005 | 20160919145047.0 | ||
| 007 | 000690 | ||
| 008 | 151217b 1972 sp a 00| 0 spa d | ||
| 040 |
_aBPMSU _bspa _cBPMSU |
||
| 092 |
_axxxxx _bxxxxx |
||
| 100 | 1 | _aHostench Ribe, Concepción | |
| 245 | 1 | 0 |
_aInglés en casa _benseñanza programada / _cConcepción Hostench Ribe ; profesores de dicción Noel Martin, Thomas Burgess ; ilustración Carlos Vidal |
| 250 | _a3a. ed. | ||
| 260 |
_aBarcelona : _bInstituto Parramón, _c1972-1973. |
||
| 300 |
_av. : _bil. _c27 cm. |
||
| 500 | _aLa biblioteca solamente posee los volúmenes 3, 4 y 12- | ||
| 700 | 1 | 2 |
_aMartin, Noel _eprof. |
| 700 | 1 | 2 |
_aBurgess, Thomas _eprof. |
| 700 | 1 | 2 |
_aVidal, Carlos _eil. |
| 910 | _a00260 | ||
| 942 |
_2ddc _cBK |
||
| 956 |
_aYngrid Lockward _b10 |
||
| 999 |
_c11456 _d11456 |
||